00357nam a2200133 a 4500008004100000050001600041100003000057245002900087246003300116250001200149260003200161300002100193350000900214120416s1951 ||||||||||||||||| || u aHF 5549 Pig aPigors, Paul John William10aPersonnel administration aa point of view and a method a2nd ed. aNew YorkbMcGraw-Hillc1951 axi, 614p. : ill. a0.00